Il bello nell'arte, scritti sull'arte antica /
Guardado en:
| Autor Principal: | |
|---|---|
| Formato: | Libro |
| Publicado: |
Novara :
G. Einaudi,
1957
|
| Edición: | 5a. ed. |
| Materias: | |
| Etiquetas: |
Agregar Etiqueta
Sin Etiquetas, Sea el primero en etiquetar este registro!
|
| LEADER | 00548nam a22001815a 4500 | ||
|---|---|---|---|
| 001 | EHU.bham005913 | ||
| 003 | AR-BHAM | ||
| 005 | 20090506152922.0 | ||
| 008 | 130507s1957##################000#0#####d | ||
| 082 | 7 | 0 | |a 709.01 |
| 100 | 1 | |a Winckelmann, Johann J. | |
| 245 | 1 | 0 | |a Il bello nell'arte, scritti sull'arte antica / |c Johann J. Winckelmann. |
| 250 | |a 5a. ed. | ||
| 260 | |a Novara : |b G. Einaudi, |c 1957 | ||
| 300 | |a 194 p. | ||
| 500 | |a A Cura Di Federico Pfister | ||
| 653 | |a Arte antiguo | ||
| 859 | |a AR-BHAM |b BIB. HUMANIDADES - General |h 709.01 |i W721 |p 1419.62 |t Ej.1 | ||
